<?xml version="1.0" encoding="UTF-8"?><?xml-stylesheet type="text/xsl" href="static/style.xsl"?><OAI-PMH xmlns="http://www.openarchives.org/OAI/2.0/" xmlns:xsi="http://www.w3.org/2001/XMLSchema-instance" xsi:schemaLocation="http://www.openarchives.org/OAI/2.0/ http://www.openarchives.org/OAI/2.0/OAI-PMH.xsd"><responseDate>2026-04-13T00:09:03Z</responseDate><request verb="GetRecord" identifier="oai:www.recercat.cat:2117/445110" metadataPrefix="marc">https://recercat.cat/oai/request</request><GetRecord><record><header><identifier>oai:recercat.cat:2117/445110</identifier><datestamp>2025-11-08T10:41:55Z</datestamp><setSpec>com_2072_1033</setSpec><setSpec>col_2072_452951</setSpec></header><metadata><record xmlns="http://www.loc.gov/MARC21/slim" xmlns:dcterms="http://purl.org/dc/terms/" xmlns:xsi="http://www.w3.org/2001/XMLSchema-instance" xmlns:doc="http://www.lyncode.com/xoai" xsi:schemaLocation="http://www.loc.gov/MARC21/slim http://www.loc.gov/standards/marcxml/schema/MARC21slim.xsd">
   <leader>00925njm 22002777a 4500</leader>
   <datafield ind2=" " ind1=" " tag="042">
      <subfield code="a">dc</subfield>
   </datafield>
   <datafield ind2=" " ind1=" " tag="720">
      <subfield code="a">Pujol Gómez, Joan Francesc</subfield>
      <subfield code="e">author</subfield>
   </datafield>
   <datafield ind2=" " ind1=" " tag="260">
      <subfield code="c">2025-07-10</subfield>
   </datafield>
   <datafield ind2=" " ind1=" " tag="520">
      <subfield code="a">Les Ordinacions són un pla de fundació de ciutats i d'ordenació territorial per a la Part Forana de Mallorca (tot el territori de l'illa que no pertany a la ciutat de Palma). Foren redactades pel rei Jaume II l’any 1300 amb l'objectiu de crear noves viles i promoure el desenvolupament agrari. Les Ordinacions responen a un pla d’assentament poblacional amb la parcel·lació del territori urbà i rural, i busquen corregir desequilibris econòmics i demogràfics. Jaume II va designar a un grup d’ordinadors encarregats de seleccionar l’emplaçament de les noves viles, assignar i taxar les terres on s’havien d’establir els nous pobladors. Les noves viles presenten una morfologia urbana ortogonal, i tenen com a referència històrica més recent les bastides franceses del s. XII. La tipologia arquitectònica de les vivendes d’aquestes viles respon a patrons comuns que han perdurat en la història.</subfield>
   </datafield>
   <datafield ind2=" " ind1=" " tag="520">
      <subfield code="a">The Ordinacions are a city-founding and territorial planning for the "Part Forana" of Mallorca (the entire territory of the island that does not belong to the city of Palma). They were drafted by King Jaume II in the year 1300 with the aim of establishing new towns and promoting agricultural development. The Ordinacions represent a population settlement plan involving the subdivision of both urban and rural territory, and they sought to correct economic and demographic imbalances. Jaume II appointed a group of "ordinadors" (administrators) responsible for selecting the locations of the new towns, as well as assigning and taxing the lands where the new settlers would establish. The new towns exhibit an orthogonal urban morphology, drawing their most recent historical reference from the French bastides of the 12th century. The architectural typology of the dwellings in these towns follows common patterns that have endured throughout history.</subfield>
   </datafield>
   <datafield ind1="8" ind2=" " tag="024">
      <subfield code="a">http://hdl.handle.net/2117/445110</subfield>
   </datafield>
   <datafield tag="653" ind2=" " ind1=" ">
      <subfield code="a">Àrees temàtiques de la UPC::Urbanisme::Ordenació del territori</subfield>
   </datafield>
   <datafield tag="653" ind2=" " ind1=" ">
      <subfield code="a">Regional planning -- Spain -- Majorca</subfield>
   </datafield>
   <datafield tag="653" ind2=" " ind1=" ">
      <subfield code="a">Urban geography -- Spain -- Majorca</subfield>
   </datafield>
   <datafield tag="653" ind2=" " ind1=" ">
      <subfield code="a">Vernacular architecture -- Spain -- Majorca</subfield>
   </datafield>
   <datafield tag="653" ind2=" " ind1=" ">
      <subfield code="a">Urban grid</subfield>
   </datafield>
   <datafield tag="653" ind2=" " ind1=" ">
      <subfield code="a">Medieval urbanism</subfield>
   </datafield>
   <datafield tag="653" ind2=" " ind1=" ">
      <subfield code="a">Mallorca</subfield>
   </datafield>
   <datafield tag="653" ind2=" " ind1=" ">
      <subfield code="a">Jaume II</subfield>
   </datafield>
   <datafield tag="653" ind2=" " ind1=" ">
      <subfield code="a">Territorial Planning</subfield>
   </datafield>
   <datafield tag="653" ind2=" " ind1=" ">
      <subfield code="a">Urban and rural morphology</subfield>
   </datafield>
   <datafield tag="653" ind2=" " ind1=" ">
      <subfield code="a">Traditional mallorcan architecture</subfield>
   </datafield>
   <datafield tag="653" ind2=" " ind1=" ">
      <subfield code="a">Ordenació del territori -- Illes Balears -- Mallorca</subfield>
   </datafield>
   <datafield tag="653" ind2=" " ind1=" ">
      <subfield code="a">Morfologia urbana -- Illes Balears -- Mallorca</subfield>
   </datafield>
   <datafield tag="653" ind2=" " ind1=" ">
      <subfield code="a">Arquitectura vernacular -- Illes Balears -- Mallorca</subfield>
   </datafield>
   <datafield ind2="0" ind1="0" tag="245">
      <subfield code="a">Les ordinacions de Jaume II (1300): les noves viles i la morfologia territorial</subfield>
   </datafield>
   <datafield ind2="0" ind1="0" tag="245">
      <subfield code="a">The ordinacions of Jaume II (1300): the new towns and territorial morphology</subfield>
   </datafield>
</record></metadata></record></GetRecord></OAI-PMH>